BIBLIOTECA

SENCICO

Construcción con Tierra en zona andina : Investigación tecnológica y aplicación práctica : Informe de Actividades (Registro nro. 3494)

Detalles MARC
000 -LEADER
fixed length control field 00758nam a2200181Ia 4500
005 - DATE AND TIME OF LATEST TRANSACTION
control field 20251020182616.0
008 - FIXED-LENGTH DATA ELEMENTS--GENERAL INFORMATION
fixed length control field 200515s9999 xx 000 0 und d
082 ## - DEWEY DECIMAL CLASSIFICATION NUMBER
Classification number SC/693.31/M28
100 ## - MAIN ENTRY--PERSONAL NAME
Personal name MATUK, Silvia
245 #0 - TITLE STATEMENT
Title Construcción con Tierra en zona andina : Investigación tecnológica y aplicación práctica : Informe de Actividades
260 ## - PUBLICATION, DISTRIBUTION, ETC.
Place of publication, distribution, etc. Lima
260 ## - PUBLICATION, DISTRIBUTION, ETC.
Date of publication, distribution, etc. 1990
300 ## - PHYSICAL DESCRIPTION
Extent 72
520 ## - SUMMARY, ETC.
Summary, etc. Acciones llevadas a cabo dentro del proyecto "Construcción con tierra en zona andina : investigación tecnológica y aplicación práctica". Tiene como objetivo la revalorización y mejoramiento de las tecnologías tradicionales de construcción con tierra, en p
650 ## - SUBJECT ADDED ENTRY--TOPICAL TERM
Topical term or geographic name entry element CONSTRUCCIONES EN TIERRA
650 ## - SUBJECT ADDED ENTRY--TOPICAL TERM
Topical term or geographic name entry element PROYECTOS
942 ## - ADDED ENTRY ELEMENTS (KOHA)
Koha item type Libros
Existencias
Fecha de la última vez que lo usaron Pago total Signatura topográfica completa Código de barras Precio efectivo desde Tipo de documento Estado perdido Estado dañado No es para préstamo Retirado Ubicación permanente Ubicación actual Fecha de adquisición
15/05/2020   SC/693.31/M28 Bib-Lima15053494 15/05/2020 Libros         Biblioteca Central Lima Biblioteca Central Lima 15/05/2020